Представление документа в формате RUSMARC

ПолеНазваниеЗначение
  Тип записи a
  Библиографический уровень a
001 Контрольный номер RU/CBS_UL/BASE/30329380f72c4b31ac560f134412ee9e
005 Дата корректировки 20260417105138.0
100 Данные общей обработки __
a Данные общей обработки 20260417 ||| 0rusy0189 ca
101 Язык документа 0_
a Язык текста rus
102 Страна публикации __
a Страна публикации RU
200 Заглавие и сведения об ответственности 1_
a Заглавие Полёты на "Фуцзяне"
e Сведения, относящиеся к заглавию [китайские палубные самолёты осваивают электромагнитную катапульту]
f Первые сведения об ответственности В. Щербаков, А. Фомин
300 Общие примечания __
a Общие примечания 16+
461 Уровень набора _0
1 2000
a Взлет
463 Уровень физической единицы _0
1 2000
a № 7-8
v С. 20-27 : фото
1 2101
d 2025
1 001RU/CBS_UL/BASE/71135b3af2cc457cbe5018879bad52d4
606 Тематические рубрики 0_
a Основная рубрика Военно-морские силы - Китай
y Географическая подрубрика Китай
610 Ключевые слова 0_
a Ключевые слова палубная авиация
610 Ключевые слова 0_
a Ключевые слова авиация палубная
610 Ключевые слова 0_
a Ключевые слова палубные самолёты
610 Ключевые слова 0_
a Ключевые слова самолёты палубные
610 Ключевые слова 0_
a Ключевые слова самолёты-истребители
610 Ключевые слова 0_
a Ключевые слова китайские палубные истребители
610 Ключевые слова 0_
a Ключевые слова палубные истребители
610 Ключевые слова 0_
a Ключевые слова истребители палубные
610 Ключевые слова 0_
a Ключевые слова авианосцы
610 Ключевые слова 0_
a Ключевые слова китайские авианосцы
610 Ключевые слова 0_
a Ключевые слова авианосцы китайские
610 Ключевые слова 0_
a Ключевые слова Фуцзянь (авианосцы)
610 Ключевые слова 0_
a Ключевые слова военно-морская авиация Китая
610 Ключевые слова 0_
a Ключевые слова военно-морские силы Китая
610 Ключевые слова 0_
a Ключевые слова ВМС Китая
686 Индексы других классификаций __
2 Код системы rubbk
a Классификационный индекс 68.4(5Кит)
700 Автор _1
a Фамилия Щербаков
b Имя (инициалы) В.
701 Альтернативная интеллектуальная ответственность _1
a Фамилия Фомин
b Имя (инициалы) А.
801 Источник записи _0
a Страна RU
b Организация МБУК ЦБС г. Ульяновска
c Дата составления 20260417
g Правила каталогизации RCR
801 Источник записи _1
a Страна RU
b Организация МБУК ЦБС г. Ульяновска
c Дата составления 20260417
g Правила каталогизации RCR
901 Тип документа __
t Тип документа b
w Контрольный № источника RU/CBS_UL/BASE/71135b3af2cc457cbe5018879bad52d4
909 Создатель записи __
a Создатель записи lib2